Qurat-ul-Ain Haider Ke Be Misaal Afsanay (Record no. 329749)
[ view plain ]
| 000 -LEADER | |
|---|---|
| fixed length control field | 00913 a2200265 4500 |
| 001 - CONTROL NUMBER | |
| control field | 86210 |
| 003 - CONTROL NUMBER IDENTIFIER | |
| control field | NUST |
| 005 - DATE AND TIME OF LATEST TRANSACTION | |
| control field | 20250717130713.0 |
| 008 - FIXED-LENGTH DATA ELEMENTS--GENERAL INFORMATION | |
| fixed length control field | 170519b xxu||||| |||| 00| 0 eng d |
| 040 ## - CATALOGING SOURCE | |
| Transcribing agency | NUST |
| 041 ## - LANGUAGE CODE | |
| Language code of original | urdu |
| 082 ## - DEWEY DECIMAL CLASSIFICATION NUMBER | |
| Classification number | 891.4392 |
| Author Mark | FAR |
| 100 ## - MAIN ENTRY--PERSONAL NAME | |
| Personal name | Haider, Quraat -ul- Ain |
| 9 (RLIN) | 1051 |
| 245 ## - TITLE STATEMENT | |
| Title | Qurat-ul-Ain Haider Ke Be Misaal Afsanay |
| Statement of responsibility, etc. | compiled by Tahir Mansor Farooqi |
| 250 ## - EDITION STATEMENT | |
| Edition statement | 1st |
| 260 ## - PUBLICATION, DISTRIBUTION, ETC. | |
| Place of publication, distribution, etc. | Lahore |
| Name of publisher, distributor, etc. | Al Ahmad Publications |
| Date of publication, distribution, etc. | 2008 |
| 300 ## - PHYSICAL DESCRIPTION | |
| Extent | 351p. |
| 500 ## - GENERAL NOTE | |
| General note | General Collection |
| 546 ## - LANGUAGE NOTE | |
| Language note | In Urdu |
| 650 ## - SUBJECT ADDED ENTRY--TOPICAL TERM | |
| Topical term or geographic name entry element | Urdu Literature |
| 9 (RLIN) | 347 |
| 880 ## - ALTERNATE GRAPHIC REPRESENTATION | |
| Title | قرۃ العین حیدر کے بےمثال افسانے |
| Linkage | 245-02\(3\r |
| c | قرۃ العین حیدر، ترتیب وانتخاب: طاہر منصور فاروقی |
| 880 ## - ALTERNATE GRAPHIC REPRESENTATION | |
| Title | قرۃ العین حیدر |
| Linkage | 100-01\(3\r |
| 880 ## - ALTERNATE GRAPHIC REPRESENTATION | |
| Title | لاہور: |
| Linkage | 260-03\(3\r |
| b | الحمد پبلی کیشنز، |
| c | 2008 |
| 942 ## - ADDED ENTRY ELEMENTS (KOHA) | |
| Koha item type | Book |
| Source of classification or shelving scheme | |
| Withdrawn status | Lost status | Source of classification or shelving scheme | Damaged status | Not for loan | Permanent Location | Current Location | Shelving location | Date acquired | Total Checkouts | Full call number | Barcode | Checked out | Date last seen | Date last checked out | Copy number | Price effective from | Koha item type |
|---|---|---|---|---|---|---|---|---|---|---|---|---|---|---|---|---|---|
| Central Library (CL) | Central Library (CL) | Fiction | 05/19/2017 | 3 | 891.4393 FAR | CL1813 | 10/09/2025 | 09/09/2025 | 09/09/2025 | 1 | 05/19/2017 | Book | |||||
| Central Library (CL) | Central Library (CL) | 07/10/2025 | 1 | 891.4393 FAR | CL-D-2848 | 09/16/2025 | 08/21/2025 | 07/10/2025 | Book |
